Filmographie de Ralph Fiennes en images. - Statistiques

Statistiques générales
  • Ce quiz a été pris 41 fois
  • Le résultat moyen est 5 sur 16
Statistiques - réponses
Par images Réponse % Correct
Harry Potter et les reliques de la mort - 2ème partie
92%
La Liste de Schindler
72%
The Grand Budapest Hotel
67%
Conclave
64%
Le Prince d'Égypte
41%
28 Ans plus tard : Le Temple des Morts
28%
Le Menu
28%
Skyfall
26%
Le Patient anglais
15%
The King's Man : Première Mission
15%
Le Choc des Titans
8%
Dragon rouge
5%
Strange Days
3%
The Constant Gardener
3%
The Duchess
0%
The Reader
0%
Aucun quiz correspondant
Distribution des résultats
% des personnes avec chaque résultat
Percentile par nombre de réponses
Votre historique - résultats
Vous n’avez pas pris ce quiz